Produtos mais comprados no supermercado - Statistics

Estatísticas Gerais
  • Esse quiz foi jogado 195 vezes
  • A pontuação média é 8 de 15
Estatísticas das Respostas
Hint Resposta % Correto
2. Arroz
98%
1. Feijão
90%
4. Açúcar
74%
14. Leite
74%
3. Farinha
73%
11. Sal
69%
7. Óleo
64%
12. Café
55%
15. Água
53%
8. Azeite
34%
5. Massa
28%
13. Chá
17%
10. Vinagre
17%
6. Biscoitos
3%
9. Molhos
3%
Nenhum quiz correspondente encontrado
Distribuição das Pontuações
Porcentagem de Pessoas com Cada Pontuação
Percentil de Números Respondidos
Sua Pontuação Histórica
Você não jogou esse quiz